000 00616nam a22001937a 4500
999 _c62202
_d62202
005 20240801142639.0
008 240801s2023 ge ||||| |||| 00| 0 ger d
020 _a9783715275215 X
041 _ager
080 _a821.112.1 D-46
100 _aDesarzens, Fanny
_d (Author)
_923038
245 _aBerghütte /
_c Fanny Desarzens, Claudia Steinitz (Translator)
264 _aGenf:
_bAtlantis Literatur,
_c2023.
300 _a121 pages:.
_b19 cm.
653 _aBerghütte
653 _aმთის ქოხი
700 _aSteinitz, Claudia
_eმთარგმნელი
_923039
942 _2udc
_cᲬᲘᲒᲜᲘ